Financial stability and reform of the financial system
Makroprudenciálna politika, jej ciele a nástroje. Rámec finančnej stability a spolupráca makro a mikroprudenciálnej politiky. Nástroje a ciele menovej, fiškálnej, infraštruktúrnej politiky a kapitálovej kontroly. Larosiérova správa, medzinárodná spolupráca, návrhy regulačných reforiem a odhadované n...
Salvato in:
| Autore principale: | |
|---|---|
| Natura: | Capitolo di libro |
| Lingua: | inglese |
| Soggetti: | |
| Tags: |
Nessun Tag, puoi essere il primo ad aggiungerne!!
|
MARC
| LEADER | 00000naa a2200000 4500 | ||
|---|---|---|---|
| 001 | 0206596 | ||
| 005 | 20230908100108.7 | ||
| 041 | 0 | |a eng | |
| 044 | |a SK | ||
| 245 | 1 | 0 | |a Financial stability and reform of the financial system |c Juraj Sipko |
| 520 | |a Makroprudenciálna politika, jej ciele a nástroje. Rámec finančnej stability a spolupráca makro a mikroprudenciálnej politiky. Nástroje a ciele menovej, fiškálnej, infraštruktúrnej politiky a kapitálovej kontroly. Larosiérova správa, medzinárodná spolupráca, návrhy regulačných reforiem a odhadované náklady ich zavedenia. | ||
| 610 | 2 | 0 | |a stabilita finančná |
| 610 | 2 | 0 | |a regulácia hospodárska |
| 610 | 2 | 0 | |a reformy |
| 610 | 2 | 0 | |a dohľad nad finančným trhom |
| 610 | 2 | 0 | |a trh finančný medzinárodný |
| 100 | 1 | |a Sipko, Juraj | |